000 01096naa a22002897a 4500
001 BR7405008
003 BR-BrBNA
005 20240918173556.0
007 ta
008 230509b bl.||||| |||| 00| 0 por d
040 _aBR-BrBNA
_bpor
_cBiblioteca Nacional de Agricultura
041 _a(Pt)
072 _aF60; K10
_b3240
_bG514
090 _aF60 BR7405008
100 1 _aCavalcanti, G.R.A.
100 1 _aGurgel, J.T.A.
111 1 _a2. Congresso Florestal Brasileiro
_cCuritiba, PR (Brazil)
_d17 Sep 1973
245 1 _aComportamento e sobrevivencia de especies de Eucalyptus no horto florestal Navarro de Andrade em Rio Claro [Eucalipto, Sao Paulo, Brasil]
260 3 _aCuritiba, PR (Brasil):
_c1974.
500 _aAnais do 2. Congresso Florestal Brasileiro Curitiba, PR (Brasil): 1974. p. 84-85 (BR7405008-AM)F60
650 _aCOMPORTAMENTO DE VARIEDADE
650 _aEUCALIPTO
650 _aSAO PAULO
773 0 _tAnais do 2. Congresso Florestal Brasileiro
_wF60 BR7405008
_gCuritiba, PR (Brasil), 1974. p. 84-85
909 _a202404
_bLucia
_c55
_dLucia Elande
942 _cAM
_2AGRIS
999 _c305520
_d305520